Náklady a výnosy v účtovníctve verejnej správy

Charakteristika nákladov a výnosov. podľa zákona č. 431/2002 Z.z. o účtovníctve v znení neskorších predpisov. Zásady účtovania nákladov a výnosov. Účtovanie nákladov a výnosov po 1.1. 2008. Ilustračný príklad.

Guardado en:
Detalles Bibliográficos
Autor principal: Kicová, Marianna
Formato: Capítulo de libro
Lenguaje:eslovaco
Materias:
Etiquetas: Agregar Etiqueta
Sin Etiquetas, Sea el primero en etiquetar este registro!

MARC

LEADER 00000naa$a2200000$$$4500
001 0069944
005 20240502071837.7
041 0 |a slo 
044 |a SK 
245 1 0 |a Náklady a výnosy v účtovníctve verejnej správy  |c Marianna Kicová 
520 |a Charakteristika nákladov a výnosov. podľa zákona č. 431/2002 Z.z. o účtovníctve v znení neskorších predpisov. Zásady účtovania nákladov a výnosov. Účtovanie nákladov a výnosov po 1.1. 2008. Ilustračný príklad. 
610 2 0 |a účtovníctvo 
610 2 0 |a správa verejná 
610 2 0 |a náklady 
610 2 0 |a výnosy 
610 2 0 |a triedy účtové 
610 2 0 |a závierka účtovná 
100 1 |a Kicová, Marianna